000
00368nam a2200133Ia 4500
008
151001s9999||||xx |||||||||||||| ||und||
100
_a
शिवानंद ऋषीकेश सरस्वती
245
_a
पूर्वेचे स्वर
250
_a
1
260
_b
चीरानी
260
_c
2000
300
_a
159
365
_b
21
999
_c
977524
_d
977521